000 01043cam a2200313 a 4500
003 CHAP
005 20220329142111.0
008 990624d1997 mx a r 00110 spa d
010 _a78456
011 _a79428
020 _a9688632112
035 _a89656
040 _cCHAP
082 0 4 _a331.11
_bE8
100 0 0 _aEstrada Urroz, Rosalina.
_938445
245 1 0 _aDel telar a la cadena de montaje :
_bla condición obrera en Puebla 1940-1976
_c/por Rosalina Estrada Urroz
260 _aPuebla, Pue. :
_bBenemérita Universidad Autónoma de Puebla,
_c1997.
300 _a361 p. :
_bilus. ; gráfs.
590 _aBATCH-UPD
_b10
_c20130110
_lUCH01
_h0445
590 _aCONVERSION
_b10
_c20130109
_lUCH01
_h1343
650 1 4 _aIndustria
_zPuebla.
_957772
650 1 4 _aSalarios
_zPuelba.
_9101274
650 1 4 _aSeguridad social
_zPuebla.
_9103688
650 1 4 _aTrabajo y trabajadores
_zPuebla.
_9114556
901 _aBK
905 _aBlanca M. García O.
942 _cLIBRO
949 _a331.11 E8
_bBC
_cLIBRO
_d33724000729596
_eLIBRO
_h95834
_i89656
_sb
999 _c78456
_d78456